Ou va le japon?

Guardat en:
Dades bibliogràfiques
Format: Llibre
Idioma:Undetermined
Publicat: Paris Numero Spwcial 1970
Matèries:
Etiquetes: Afegir etiqueta
Sense etiquetes, Sigues el primer a etiquetar aquest registre!
Thư viện lưu trữ: Trung tâm Học liệu Trường Đại học Cần Thơ
LEADER 00418nam a2200157Ia 4500
001 CTU_84681
008 210402s9999 xx 000 0 und d
082 |a 282 
082 |b O.93 
245 0 |a Ou va le japon? 
260 |a Paris 
260 |b Numero Spwcial 
260 |c 1970 
650 |a catholic church,japan 
650 |x missions,social life and customs 
980 |a Trung tâm Học liệu Trường Đại học Cần Thơ